Statistics for Different/old names for countries

Click here to take the quiz!

General Stats

  • This quiz has been taken 611 times
  • The average score is 8 of 15

Answer Stats

HintAnswer% Correct
HollandNetherlands
94%
ÖsterreichAustria
83%
NipponJapan
81%
East PakistanBangladesh
80%
SuomiFinland
72%
British HondurasBelize
62%
HrvatskaCroatia
58%
AbyssiniaEthiopia
57%
Upper VoltaBurkina Faso
41%
XamaycaJamaica
40%
DahomeyBenin
31%
New HollandAustralia
27%
BasutolandLesotho
26%
NyasalandMalawi
25%
IberiaGeorgia
12%

Score Distribution

Percentile by Number Answered

Percent of People with Each Score

Your Score History

You have not taken this quiz